Statistics for Count Multiples of 13 - One Minute Sprint

Click here to take the quiz!

General Stats

  • This quiz has been taken 41 times
  • The average score is 31 of 50

Answer Stats

*13% Correct
13
100%
104
94%
117
94%
130
94%
143
94%
26
94%
39
94%
52
94%
65
94%
78
94%
91
94%
156
88%
169
88%
182
88%
195
88%
208
88%
221
88%
234
88%
247
88%
260
81%
273
81%
286
75%
299
75%
312
75%
325
75%
338
75%
351
75%
364
63%
377
63%
390
63%
403
63%
416
63%
429
56%
442
50%
455
44%
468
31%
481
31%
494
31%
507
25%
520
25%
533
25%
546
25%
559
25%
572
25%
585
25%
598
25%
611
6%
624
0%
637
0%
650
0%

Score Distribution

Percentile by Number Answered

Percent of People with Each Score

Your Score History

You have not taken this quiz